[Event "Titled Tuesday intern op 09th Jan Early"]
[Site "Chess.com INT"]
[Date "2024.01.09"]
[Round "8"]
[White "Wagner, Dennis"]
[Black "Laddha, Shubh Jayesh"]
[Result "1-0"]
[WhiteElo "2611"]
[BlackElo "2324"]
[PlyCount "121"]
[EventDate "2024.01.09"]
[EventType "swiss (blitz)"]
[EventRounds "11"]
[EventCountry "USA"]
[SourceTitle "CB03_2024"]
[SourceDate "2024.01.17"]
[SourceVersion "1"]
[SourceVersionDate "2024.01.17"]
[SourceQuality "1"]

1. c4 Nf6 2. Nc3 e5 3. Nf3 Nc6 4. g3 d5 5. cxd5 Nxd5 6. Bg2 Bc5 7. 0-0 0-0 8. d3 Bb6 9. Bg5 f6 10. Nxd5 Qxd5 11. Bd2 Qf7 12. b4 Be6 13. a4 Bd5 14. e4 Be6 15. a5 Bd4 16. Rc1 a6 17. Rxc6 bxc6 18. Nxd4 exd4 19. Qc2 Qd7 20. Rc1 Bh3 21. Qxc6 Qxc6 22. Rxc6 Bxg2 23. Kxg2 Rf7 24. f4 Rd7 25. g4 Kf7 26. Kf3 Ke7 27. f5 Ra7 28. g5 Rd6 29. Rc4 Rb7 30. h4 Rd8 31. Be1 Ke8 32. Rc6 Rd6 33. Rc5 Rd8 34. Rc4 Ke7 35. Bf2 c5 36. bxc5 Rb3 37. Bxd4 Rxd3+ 38. Be3 Ra3 39. c6 Rxa5 40. Bb6 Ra3+ 41. Kf4 Rdd3 42. Bc5+ Kd8 43. c7+ Kc8 44. Bxa3 Rxa3 45. gxf6 gxf6 46. Rc6 a5 47. h5 a4 48. h6 Ra1 49. Rxf6 Kxc7 50. Ra6 a3 51. f6 Kb7 52. Ra4 Kb6 53. Ke5 Kb5 54. Ra8 Kb4 55. f7 Rf1 56. f8Q+ Rxf8 57. Rxf8 Kb3 58. Rb8+ Ka2 59. Ra8 Ka1 60. Rxa3+ Kb2 61. Rg3 1-0

[Event "German Masters"]
[Site "Rosenheim"]
[Date "2023.12.16"]
[Round "6"]
[White "Costa, Leonardo"]
[Black "Wagner, Dennis"]
[Result "1/2-1/2"]
[WhiteElo "2472"]
[BlackElo "2589"]
[PlyCount "102"]
[EventDate "2023.12.11"]
[EventType "tourn"]
[EventRounds "9"]
[EventCountry "GER"]
[EventCategory "13"]
[SourceTitle "CB51_2023"]
[SourceDate "2023.12.20"]
[SourceVersion "1"]
[SourceVersionDate "2023.12.20"]
[SourceQuality "1"]

1. e4 e5 2. Nf3 Nc6 3. Bc4 Bc5 4. c3 Nf6 5. d3 d6 6. 0-0 h6 7. Re1 0-0 8. h3 Bb6 9. Nbd2 Ne7 10. d4 Nc6 11. a4 a5 12. Ra3 Re8 13. Ba2 exd4 14. cxd4 Nxd4 15. Nxd4 Bxd4 16. Rd3 Bc5 17. e5 Qe7 18. Nf3 dxe5 19. Rxe5 Be6 20. Bxe6 fxe6 21. Nh4 Nd5 22. Re4 Rf8 23. Ng6 Qf6 24. Nxf8 Qxf2+ 25. Kh1 Rxf8 26. Rxe6 Qf1+ 27. Qxf1 Rxf1+ 28. Kh2 Rxc1 29. Rxd5 Bd6+ 30. Rexd6 cxd6 31. Rxa5 Rc4 32. Rb5 Rxa4 33. Rxb7 Kh7 34. g4 Rd4 35. b4 Kg6 36. b5 Rb4 37. Rb6 Kg5 38. Rxd6 Rxb5 39. Rd7 Kh4 40. Rxg7 Rb2+ 41. Kg1 Kxh3 42. Rg6 Kg3 43. Kf1 Rh2 44. Kg1 Ra2 45. Kf1 Rh2 46. Kg1 Rh4 47. Ra6 Rxg4 48. Rxh6 Kf3+ 49. Kf1 Rd4 50. Rf6+ Rf4 51. Rxf4+ Kxf4 1/2-1/2

[Event "German Masters"]
[Site "Rosenheim"]
[Date "2023.12.14"]
[Round "4"]
[White "Svane, Rasmus"]
[Black "Wagner, Dennis"]
[Result "1/2-1/2"]
[WhiteElo "2628"]
[BlackElo "2589"]
[PlyCount "121"]
[EventDate "2023.12.11"]
[EventType "tourn"]
[EventRounds "9"]
[EventCountry "GER"]
[EventCategory "13"]
[SourceTitle "CB51_2023"]
[SourceDate "2023.12.20"]
[SourceVersion "1"]
[SourceVersionDate "2023.12.20"]
[SourceQuality "1"]

1. d4 Nf6 2. Nf3 d5 3. Bf4 c5 4. e3 Nc6 5. Nbd2 Nh5 6. dxc5 Nxf4 7. exf4 g6 8. c3 Bh6 9. g3 0-0 10. Bg2 Bg7 11. 0-0 b6 12. cxb6 Qxb6 13. Nb3 Rd8 14. Re1 Bg4 15. Qd3 Bxf3 16. Qxf3 Rab8 17. Rab1 e6 18. Nc1 Rbc8 19. Nd3 Qa6 20. Ra1 Na5 21. Rec1 Nb7 22. Qe2 Nc5 23. Bf1 Nxd3 24. Qxd3 Qxd3 25. Bxd3 Rc7 26. Rc2 a5 27. Rac1 Rdc8 28. a4 Bf6 29. Kf1 Kg7 30. Ke2 Be7 31. Ba6 Ra8 32. Bb5 Rac8 33. Kd3 Bf8 34. h3 Be7 35. Ke3 Bc5+ 36. Kf3 h5 37. Ba6 Ra8 38. Bd3 Be7 39. c4 dxc4 40. Bxc4 Rd8 41. Bb5 Rxc2 42. Rxc2 Kf8 43. Ke2 Bb4 44. Bd3 Kg7 45. Rc7 Kf8 46. g4 hxg4 47. hxg4 Bd6 48. Ra7 Bb4 49. b3 Kg7 50. Rb7 Bc3 51. f5 gxf5 52. gxf5 Kf6 53. fxe6 fxe6 54. Rb6 Bb4 55. f4 Ke7 56. Bc4 Rd6 57. Rb5 Kf6 58. Kf3 Rd1 59. Rh5 Re1 60. Rh6+ Kg7 61. Rxe6 1/2-1/2

[Event "German Masters"]
[Site "Rosenheim"]
[Date "2023.12.11"]
[Round "3"]
[White "Wagner, Dennis"]
[Black "Fridman, Daniel"]
[Result "1/2-1/2"]
[WhiteElo "2589"]
[BlackElo "2580"]
[PlyCount "51"]
[EventDate "2023.12.11"]
[EventType "tourn"]
[EventRounds "9"]
[EventCountry "GER"]
[EventCategory "13"]
[SourceTitle "CB51_2023"]
[SourceDate "2023.12.20"]
[SourceVersion "1"]
[SourceVersionDate "2023.12.20"]
[SourceQuality "1"]

1. d4 d5 2. c4 e6 3. Nf3 c5 4. cxd5 exd5 5. g3 Nc6 6. Bg2 Nf6 7. 0-0 Be7 8. dxc5 Bxc5 9. a3 Ne4 10. Nfd2 f5 11. Nb3 Bb6 12. Nc3 Be6 13. Na4 d4 14. Qc2 0-0 15. Nbc5 Nxc5 16. Nxc5 Bxc5 17. Qxc5 Rc8 18. Bf4 b6 19. Qb5 Na5 20. Rac1 Nb3 21. Rxc8 Qxc8 22. Bd5 Nc5 23. Bf3 Nb3 24. Bd5 Nc5 25. Bf3 Nb3 26. Bd5 1/2-1/2